00628nam a2200205Ia 4500008004100000020001600041050001500057050001400072100002500086245006300111245009500174260001500269260002700284260000900311300001600320300002000336300001100356650002600367650002900393200601s9999 xx 000 0 und d a0-13-170463 aREF TX 349 b.L33 2008 aLabensky, Steven R.  4aThe Prentice hall essentials dictionary of culinary arts / 0cSteven R. Labensky, Gaye G. Ingram, Sarah R. Labensky; illustrations by William E. Ingram. aNew York : bPearson Prentice Hall. c2007 a284 pages : billustrations ; c23 cm. aFood -- Dictionaries. xCookery -- Dictionaries.